[Event "Stay Safe Play From Home 392"]
[Site "Emanuel Lasker Arena"]
[Date "2020.08.18"]
[Round "5"]
[White "Lazieri3"]
[Black "TheCHESSHOUSE"]
[Result "0-1"]
[WhiteElo "2104"]
[BlackElo "1988"]
[PlyCount "78"]
[EventDate "2020.08.18"]
[EventType "swiss (blitz)"]

1. e4 {[%emt 0:00:03]} c5 {[%emt 0:00:01]} 2. d3 {[%emt 0:00:01]} d6 {[%emt 0:00:01]} 3. Nf3 {[%emt 0:00:01]} Nc6 {[%emt 0:00:00]} 4. Be3 {[%emt 0:00:00]} g6 {[%emt 0:00:00]} 5. Qd2 {[%emt 0:00:01]} Bg7 {[%emt 0:00:00]} 6. Nc3 {[%emt 0:00:00]} b6 {[%emt 0:00:01]} 7. Be2 {[%emt 0:00:01]} Bb7 {[%emt 0:00:01]} 8. a3 {[%emt 0:00:01]} Nf6 {[%emt 0:00:00]} 9. Bh6 {[%emt 0:00:01]} O-O {[%emt 0:00:01]} 10. h4 {[%emt 0:00:01]} Bxh6 {[%emt 0:00:02]} 11. Qxh6 {[%emt 0:00:01]} Ng4 {[%emt 0:00:00]} 12. Qd2 {[%emt 0:00:01]} h5 {[%emt 0:00:00]} 13. d4 {[%emt 0:00:01]} cxd4 {[%emt 0:00:03]} 14. Nxd4 {[%emt 0:00:00]} Nxd4 {[%emt 0:00:01]} 15. Qxd4 {[%emt 0:00:01]} e5 {[%emt 0:00:00]} 16. Qd2 {[%emt 0:00:02]} Nf6 {[%emt 0:00:05]} 17. O-O-O {[%emt 0:00:01]} Nxe4 {[%emt 0:00:02]} 18. Nxe4 {[%emt 0:00:02]} Bxe4 {[%emt 0:00:00]} 19. f3 {[%emt 0:00:04]} Bf5 {[%emt 0:00:01]} 20. Qxd6 {[%emt 0:00:01]} Qc8 {[%emt 0:00:04]} 21. c3 {[%emt 0:00:10]} Re8 {[%emt 0:00:04]} 22. Rhe1 {[%emt 0:00:03]} a6 {[%emt 0:00:03]} 23. Bd3 {[%emt 0:00:03]} b5 {[%emt 0:00:02]} 24. Bxf5 {[%emt 0:00:02]} Qxf5 {[%emt 0:00:00]} 25. Qd3 {[%emt 0:00:01]} Qf4+ {[%emt 0:00:02]} 26. Qd2 {[%emt 0:00:01]} Qxh4 {[%emt 0:00:01]} 27. Qe3 {[%emt 0:00:01]} Qf6 {[%emt 0:00:01]} 28. Kb1 {[%emt 0:00:01]} Kg7 {[%emt 0:00:01]} 29. Qe4 {[%emt 0:00:01]} a5 {[%emt 0:00:01]} 30. Rd7 {[%emt 0:00:01]} b4 {[%emt 0:00:03]} 31. a4 {[%emt 0:00:01]} bxc3 {[%emt 0:00:01]} 32. b3 {[%emt 0:00:00]} Rab8 {[%emt 0:00:01]} 33. Kc2 {[%emt 0:00:01]} Qe6 {[%emt 0:00:02]} 34. Qd5 {[%emt 0:00:03]} Qf5+ {[%emt 0:00:02]} 35. Qe4 {[%emt 0:00:00]} Qxd7 {[%emt 0:00:01]} 36. Qxe5+ {[%emt 0:00:01]} Rxe5 {[%emt 0:00:02]} 37. Kxc3 {[%emt 0:00:03]} Rc8+ {[%emt 0:00:02]} 38. Kb2 {[%emt 0:00:01]} Qd2+ {[%emt 0:00:00]} 39. Ka3 {[%emt 0:00:00]} Qb4+ {[%emt 0:00:01] Time Time Time (Lag: Av=0.73s, max=1.1s) (Lag: Av=0.73s, max=1.1s) (Lag: Av=0.73s, max=1.1s)} 0-1

[Event "Stay Safe Play From Home 392"]
[Site "Emanuel Lasker Arena"]
[Date "2020.08.18"]
[Round "5"]
[White "Fat Kevin"]
[Black "Lamborghini"]
[Result "0-1"]
[WhiteElo "1936"]
[BlackElo "2343"]
[PlyCount "80"]
[EventDate "2020.08.18"]
[EventType "swiss (blitz)"]

1. d4 {[%emt 0:00:02]} Nf6 {[%emt 0:00:02]} 2. c4 {[%emt 0:00:00]} g6 {[%emt 0:00:00]} 3. Nc3 {[%emt 0:00:00]} Bg7 {[%emt 0:00:00]} 4. Nf3 {[%emt 0:00:00]} O-O {[%emt 0:00:00]} 5. Bf4 {[%emt 0:00:00]} d6 {[%emt 0:00:01]} 6. e3 {[%emt 0:00:00]} c5 {[%emt 0:00:01]} 7. Be2 {[%emt 0:00:01]} cxd4 {[%emt 0:00:01]} 8. exd4 {[%emt 0:00:00]} Nc6 {[%emt 0:00:01]} 9. O-O {[%emt 0:00:01]} Nxd4 {[%emt 0:00:01]} 10. Nxd4 {[%emt 0:00:02]} e5 {[%emt 0:00:01]} 11. Ndb5 {[%emt 0:00:02]} exf4 {[%emt 0:00:01]} 12. Nxd6 {[%emt 0:00:01]} Be6 {[%emt 0:00:01]} 13. Ndb5 {[%emt 0:00:06]} a6 {[%emt 0:00:02]} 14. Nd4 {[%emt 0:00:01]} Bd7 {[%emt 0:00:03]} 15. Bf3 {[%emt 0:00:05]} Qc7 {[%emt 0:00:01]} 16. Qb3 {[%emt 0:00:04]} Rab8 {[%emt 0:00:01]} 17. Rad1 {[%emt 0:00:03]} Rfc8 {[%emt 0:00:01]} 18. Nd5 {[%emt 0:00:05]} Nxd5 {[%emt 0:00:01]} 19. Bxd5 {[%emt 0:00:00]} Qd6 {[%emt 0:00:02]} 20. Qd3 {[%emt 0:00:04]} Be8 {[%emt 0:00:02]} 21. b3 {[%emt 0:00:01]} b6 {[%emt 0:00:01]} 22. Nc2 {[%emt 0:00:01]} Qf6 {[%emt 0:00:02]} 23. Rfe1 {[%emt 0:00:01]} h5 {[%emt 0:00:02]} 24. Nd4 {[%emt 0:00:01]} h4 {[%emt 0:00:04]} 25. Nf3 {[%emt 0:00:01]} h3 {[%emt 0:00:01]} 26. Qe4 {[%emt 0:00:01]} hxg2 {[%emt 0:00:02]} 27. Kxg2 {[%emt 0:00:00]} Bd7 {[%emt 0:00:01]} 28. Qe5 {[%emt 0:00:02]} Bg4 {[%emt 0:00:03]} 29. Qxf6 {[%emt 0:00:01]} Bxf6 {[%emt 0:00:00]} 30. Re4 {[%emt 0:00:02]} g5 {[%emt 0:00:02]} 31. Rde1 {[%emt 0:00:02]} Kg7 {[%emt 0:00:01]} 32. h3 {[%emt 0:00:01]} Bf5 {[%emt 0:00:01]} 33. R4e2 {[%emt 0:00:00]} Rh8 {[%emt 0:00:02]} 34. Ng1 {[%emt 0:00:01]} g4 {[%emt 0:00:01]} 35. hxg4 {[%emt 0:00:01]} Bxg4 {[%emt 0:00:01]} 36. Bf3 {[%emt 0:00:00]} Bf5 {[%emt 0:00:01]} 37. Be4 {[%emt 0:00:01]} Bd7 {[%emt 0:00:01]} 38. Nf3 {[%emt 0:00:01]} Bg4 {[%emt 0:00:01]} 39. Rg1 {[%emt 0:00:03]} Rh5 {[%emt 0:00:00]} 40. Kf1 {[%emt 0:00:00]} Rg5 {[%emt 0:00:01] Zeit Zeit Zeit (Lag: Av=0.35s, max=0.5s) (Lag: Av=0.35s, max=0.5s) (Lag: Av=0.35s, max=0.5s)} 0-1

[Event "Stay Safe Play From Home 392"]
[Site "Emanuel Lasker Arena"]
[Date "2020.08.18"]
[Round "6"]
[White "NTBT_DHS"]
[Black "TheCHESSHOUSE"]
[Result "1-0"]
[WhiteElo "2550"]
[BlackElo "2010"]
[Annotator "RC"]
[PlyCount "37"]
[EventDate "2020.08.18"]
[EventType "swiss (blitz)"]

1. e4 {[%emt 0:00:03]} c5 {[%emt 0:00:01]} 2. Nf3 {[%emt 0:00:00]} d6 {[%emt 0:00:00]} 3. Nc3 {[%emt 0:00:00]} Nf6 {[%emt 0:00:01]} 4. Bc4 {[%emt 0:00:00]} g6 {[%emt 0:00:00]} 5. O-O {[%emt 0:00:00]} Bg7 {[%emt 0:00:00]} 6. Re1 {[%emt 0:00:01]} O-O {[%emt 0:00:00]} 7. a3 {[%emt 0:00:00]} a6 {[%emt 0:00:02]} 8. d3 {[%emt 0:00:01]} b5 {[%emt 0:00:00]} 9. Ba2 {[%emt 0:00:00]} Nc6 {[%emt 0:00:01]} 10. Bg5 {[%emt 0:00:00]} Bb7 {[%emt 0:00:01]} 11. Nd5 {[%emt 0:00:00]} Nxd5 {[%emt 0:00:01]} 12. exd5 {[%emt 0:00:01]} Ne5 {[%emt 0:00:01]} 13. Nxe5 {[%emt 0:00:00]} dxe5 {[%emt 0:00:00]} 14. c4 {[%emt 0:00:02]} h6 {[%emt 0:00:02]} 15. Be3 {[%emt 0:00:01]} Qc7 {[%emt 0:00:01]} 16. Qd2 {[%emt 0:00:02]} Rfd8 {[%emt 0:00:03]} 17. Bxh6 {[%emt 0:00:02]} bxc4 {[%emt 0:00:07]} 18. Bxg7 {[%emt 0:00:01]} e6 {[%emt 0:00:01]} 19. Bxe5 {[%emt 0:00:01] TheCHESSHOUSE resigns TheCHESSHOUSE resigns TheCHESSHOUSE resigns (Lag: Av=0.77s, max=1.2s) (Lag: Av=0.77s, max=1.2s) (Lag: Av=0.77s, max=1.2s)} 1-0

[Event "Stay Safe Play From Home 392"]
[Site "Emanuel Lasker Arena"]
[Date "2020.08.18"]
[Round "6"]
[White "Tran Minh Thang"]
[Black "AChessPlayer"]
[Result "1-0"]
[WhiteElo "2485"]
[BlackElo "2358"]
[PlyCount "105"]
[EventDate "2020.08.18"]
[EventType "swiss (blitz)"]

1. d4 {[%emt 0:00:01]} Nf6 {[%emt 0:00:01]} 2. Bf4 {[%emt 0:00:01]} d6 {[%emt 0:00:00]} 3. e3 {[%emt 0:00:00]} Nbd7 {[%emt 0:00:00]} 4. Nf3 {[%emt 0:00:00]} c6 {[%emt 0:00:01]} 5. Nbd2 {[%emt 0:00:00]} Qc7 {[%emt 0:00:00]} 6. Nc4 {[%emt 0:00:01]} g6 {[%emt 0:00:01]} 7. h3 {[%emt 0:00:01]} Bg7 {[%emt 0:00:01]} 8. a4 {[%emt 0:00:00]} O-O {[%emt 0:00:01]} 9. Be2 {[%emt 0:00:00]} b6 {[%emt 0:00:00]} 10. O-O {[%emt 0:00:02]} a6 {[%emt 0:00:00]} 11. Bh2 {[%emt 0:00:01]} Bb7 {[%emt 0:00:01]} 12. c3 {[%emt 0:00:01]} b5 {[%emt 0:00:01]} 13. Ncd2 {[%emt 0:00:01]} c5 {[%emt 0:00:01]} 14. dxc5 {[%emt 0:00:02]} Nxc5 {[%emt 0:00:01]} 15. axb5 {[%emt 0:00:00]} axb5 {[%emt 0:00:01]} 16. Bxb5 {[%emt 0:00:00]} Nfe4 {[%emt 0:00:04]} 17. Be2 {[%emt 0:00:03]} h6 {[%emt 0:00:04]} 18. Nxe4 {[%emt 0:00:01]} Bxe4 {[%emt 0:00:02]} 19. Nd2 {[%emt 0:00:05]} Bd3 {[%emt 0:00:01]} 20. Bxd3 {[%emt 0:00:01]} Nxd3 {[%emt 0:00:00]} 21. Qc2 {[%emt 0:00:00]} Nc5 {[%emt 0:00:10]} 22. Bg3 {[%emt 0:00:03]} g5 {[%emt 0:00:01]} 23. f3 {[%emt 0:00:01]} Qb7 {[%emt 0:00:00]} 24. Bf2 {[%emt 0:00:02]} Rab8 {[%emt 0:00:04]} 25. Rab1 {[%emt 0:00:01]} Rfc8 {[%emt 0:00:02]} 26. e4 {[%emt 0:00:00]} Ne6 {[%emt 0:00:00]} 27. Qd3 {[%emt 0:00:03]} Nf4 {[%emt 0:00:01]} 28. Qe3 {[%emt 0:00:01]} Qa6 {[%emt 0:00:02]} 29. Kh2 {[%emt 0:00:07]} Be5 {[%emt 0:00:02]} 30. g3 {[%emt 0:00:00]} Ne6 {[%emt 0:00:02]} 31. Rfd1 {[%emt 0:00:03]} Kg7 {[%emt 0:00:02]} 32. Kg2 {[%emt 0:00:07]} Qc6 {[%emt 0:00:01]} 33. Nf1 {[%emt 0:00:01]} Rb7 {[%emt 0:00:02]} 34. Qd2 {[%emt 0:00:00]} Rcb8 {[%emt 0:00:00]} 35. Bd4 {[%emt 0:00:00]} Bf6 {[%emt 0:00:00]} 36. Bxf6+ {[%emt 0:00:01]} exf6 {[%emt 0:00:00]} 37. Ne3 {[%emt 0:00:00]} Qc5 {[%emt 0:00:01]} 38. Nf5+ {[%emt 0:00:00]} Kg6 {[%emt 0:00:00]} 39. h4 {[%emt 0:00:00]} gxh4 {[%emt 0:00:01]} 40. Nxh4+ {[%emt 0:00:01]} Kh7 {[%emt 0:00:01]} 41. Nf5 {[%emt 0:00:00]} Ng5 {[%emt 0:00:00]} 42. Rh1 {[%emt 0:00:00]} h5 {[%emt 0:00:01]} 43. Rxh5+ {[%emt 0:00:01]} Kg8 {[%emt 0:00:00]} 44. Rxg5+ {[%emt 0:00:00]} fxg5 {[%emt 0:00:01]} 45. Qxg5+ {[%emt 0:00:00]} Kf8 {[%emt 0:00:00]} 46. Qh4 {[%emt 0:00:01]} Ke8 {[%emt 0:00:00]} 47. Qh8+ {[%emt 0:00:01]} Kd7 {[%emt 0:00:00]} 48. Qf6 {[%emt 0:00:00]} Kc6 {[%emt 0:00:00]} 49. Nd4+ {[%emt 0:00:00]} Kb6 {[%emt 0:00:01]} 50. b4 {[%emt 0:00:00]} Qc4 {[%emt 0:00:01]} 51. Qxd6+ {[%emt 0:00:00]} Ka7 {[%emt 0:00:00]} 52. Ra1+ {[%emt 0:00:00]} Qa6 {[%emt 0:00:01]} 53. Qxa6# {[%emt 0:00:00] (Lag: Av=0.80s, max=1.4s) (Lag: Av=0.80s, max=1.4s) (Lag: Av=0.80s, max=1.4s)} 1-0

[Event "Stay Safe Play From Home 392"]
[Site "Emanuel Lasker Arena"]
[Date "2020.08.18"]
[Round "6"]
[White "Mepe_Nika"]
[Black "IceQueen"]
[Result "0-1"]
[WhiteElo "2375"]
[BlackElo "2354"]
[PlyCount "124"]
[EventDate "2020.08.18"]
[EventType "swiss (blitz)"]

1. d4 {[%emt 0:00:01]} Nf6 {[%emt 0:00:01]} 2. Nf3 {[%emt 0:00:01]} g6 {[%emt 0:00:00]} 3. c4 {[%emt 0:00:02]} Bg7 {[%emt 0:00:00]} 4. Nc3 {[%emt 0:00:00]} O-O {[%emt 0:00:00]} 5. e4 {[%emt 0:00:00]} d6 {[%emt 0:00:00]} 6. h3 {[%emt 0:00:01]} Nbd7 {[%emt 0:00:00]} 7. Be3 {[%emt 0:00:01]} e5 {[%emt 0:00:00]} 8. d5 {[%emt 0:00:00]} Nc5 {[%emt 0:00:01]} 9. Nd2 {[%emt 0:00:00]} a5 {[%emt 0:00:01]} 10. g4 {[%emt 0:00:01]} a4 {[%emt 0:00:02]} 11. a3 {[%emt 0:00:01]} Bd7 {[%emt 0:00:01]} 12. Be2 {[%emt 0:00:01]} c6 {[%emt 0:00:01]} 13. h4 {[%emt 0:00:00]} cxd5 {[%emt 0:00:04]} 14. exd5 {[%emt 0:00:00]} Qa5 {[%emt 0:00:01]} 15. h5 {[%emt 0:00:02]} Ne8 {[%emt 0:00:10]} 16. g5 {[%emt 0:00:02]} f5 {[%emt 0:00:03]} 17. gxf6 {[%emt 0:00:02]} Nxf6 {[%emt 0:00:01]} 18. hxg6 {[%emt 0:00:00]} hxg6 {[%emt 0:00:00]} 19. Qc2 {[%emt 0:00:03]} Bf5 {[%emt 0:00:01]} 20. Qd1 {[%emt 0:00:04]} Nd3+ {[%emt 0:00:01]} 21. Bxd3 {[%emt 0:00:01]} Bxd3 {[%emt 0:00:00]} 22. Qf3 {[%emt 0:00:01]} Ne4 {[%emt 0:00:05]} 23. Qh3 {[%emt 0:00:03]} Nxc3 {[%emt 0:00:01]} 24. bxc3 {[%emt 0:00:03]} Qxc3 {[%emt 0:00:00]} 25. Rd1 {[%emt 0:00:06]} Bf5 {[%emt 0:00:01]} 26. Qh7+ {[%emt 0:00:02]} Kf7 {[%emt 0:00:00]} 27. Bh6 {[%emt 0:00:00]} Rg8 {[%emt 0:00:01]} 28. Kf1 {[%emt 0:00:03]} e4 {[%emt 0:00:04]} 29. Kg1 {[%emt 0:00:02]} e3 {[%emt 0:00:04]} 30. fxe3 {[%emt 0:00:04]} Qc2 {[%emt 0:00:01]} 31. Rb1 {[%emt 0:00:02]} Rab8 {[%emt 0:00:04]} 32. e4 {[%emt 0:00:00]} Qxd2 {[%emt 0:00:01]} 33. Bxd2 {[%emt 0:00:01]} Bxe4 {[%emt 0:00:01]} 34. Qh4 {[%emt 0:00:01]} Bf5 {[%emt 0:00:01]} 35. Rh2 {[%emt 0:00:01]} Rh8 {[%emt 0:00:00]} 36. Qf4 {[%emt 0:00:00]} Rxh2 {[%emt 0:00:01]} 37. Kxh2 {[%emt 0:00:00]} Be5 {[%emt 0:00:00]} 38. Qxe5 {[%emt 0:00:00]} dxe5 {[%emt 0:00:00]} 39. Kg3 {[%emt 0:00:00]} e4 {[%emt 0:00:00]} 40. Kf2 {[%emt 0:00:00]} b5 {[%emt 0:00:00]} 41. Rb2 {[%emt 0:00:00]} e3+ {[%emt 0:00:01]} 42. Kxe3 {[%emt 0:00:01]} Re8+ {[%emt 0:00:01]} 43. Kd4 {[%emt 0:00:01]} bxc4 {[%emt 0:00:00]} 44. Kc5 {[%emt 0:00:00]} Be4 {[%emt 0:00:01]} 45. Rb7+ {[%emt 0:00:00]} Kf6 {[%emt 0:00:01]} 46. Kd4 {[%emt 0:00:00]} Kf5 {[%emt 0:00:00]} 47. Bc3 {[%emt 0:00:00]} Rc8 {[%emt 0:00:00]} 48. d6 {[%emt 0:00:01]} Bd3 {[%emt 0:00:00]} 49. d7 {[%emt 0:00:00]} Rb8 {[%emt 0:00:01]} 50. Kd5 {[%emt 0:00:00]} Rxb7 {[%emt 0:00:00]} 51. Kd6 {[%emt 0:00:00]} Rb5 {[%emt 0:00:00]} 52. Ke7 {[%emt 0:00:00]} Rd5 {[%emt 0:00:00]} 53. Kf8 {[%emt 0:00:00]} Rxd7 {[%emt 0:00:01]} 54. Kg8 {[%emt 0:00:01]} Rd6 {[%emt 0:00:00]} 55. Kh8 {[%emt 0:00:00]} Rd5 {[%emt 0:00:00]} 56. Kg8 {[%emt 0:00:00]} Rd6 {[%emt 0:00:00]} 57. Kf8 {[%emt 0:00:00]} Rd7 {[%emt 0:00:00]} 58. Kg8 {[%emt 0:00:00]} Kf4 {[%emt 0:00:00]} 59. Kf8 {[%emt 0:00:00]} Kf3 {[%emt 0:00:00]} 60. Ke8 {[%emt 0:00:00]} g5 {[%emt 0:00:00]} 61. Kxd7 {[%emt 0:00:00]} g4 {[%emt 0:00:00]} 62. Kc6 {[%emt 0:00:00]} g3 {[%emt 0:00:00] . . .} 0-1

[Event "Stay Safe Play From Home 392"]
[Site "Emanuel Lasker Arena"]
[Date "2020.08.18"]
[Round "6"]
[White "Lamborghini"]
[Black "Lazieri3"]
[Result "1-0"]
[WhiteElo "2346"]
[BlackElo "2082"]
[PlyCount "103"]
[EventDate "2020.08.18"]
[EventType "swiss (blitz)"]

1. e4 {[%emt 0:00:01]} c6 {[%emt 0:00:01]} 2. d4 {[%emt 0:00:01]} d5 {[%emt 0:00:00]} 3. Nc3 {[%emt 0:00:00]} dxe4 {[%emt 0:00:00]} 4. Nxe4 {[%emt 0:00:00]} Nf6 {[%emt 0:00:00]} 5. Nxf6+ {[%emt 0:00:01]} exf6 {[%emt 0:00:00]} 6. Bc4 {[%emt 0:00:01]} Bd6 {[%emt 0:00:00]} 7. Qe2+ {[%emt 0:00:01]} Qe7 {[%emt 0:00:01]} 8. Qxe7+ {[%emt 0:00:01]} Bxe7 {[%emt 0:00:00]} 9. Ne2 {[%emt 0:00:01]} Be6 {[%emt 0:00:00]} 10. Bd3 {[%emt 0:00:01]} Nd7 {[%emt 0:00:01]} 11. b3 {[%emt 0:00:00]} O-O-O {[%emt 0:00:02]} 12. c4 {[%emt 0:00:01]} Bb4+ {[%emt 0:00:01]} 13. Bd2 {[%emt 0:00:01]} Bxd2+ {[%emt 0:00:01]} 14. Kxd2 {[%emt 0:00:00]} Nb6 {[%emt 0:00:03]} 15. Kc3 {[%emt 0:00:01]} a5 {[%emt 0:00:02]} 16. a4 {[%emt 0:00:04]} Bg4 {[%emt 0:00:03]} 17. f3 {[%emt 0:00:02]} Bh5 {[%emt 0:00:01]} 18. Rad1 {[%emt 0:00:03]} Bg6 {[%emt 0:00:01]} 19. Ng3 {[%emt 0:00:02]} Bxd3 {[%emt 0:00:01]} 20. Rxd3 {[%emt 0:00:00]} g6 {[%emt 0:00:00]} 21. Rhd1 {[%emt 0:00:01]} f5 {[%emt 0:00:01]} 22. Ne2 {[%emt 0:00:01]} Rd7 {[%emt 0:00:01]} 23. Nf4 {[%emt 0:00:02]} Rhd8 {[%emt 0:00:01]} 24. d5 {[%emt 0:00:01]} cxd5 {[%emt 0:00:01]} 25. c5 {[%emt 0:00:01]} d4+ {[%emt 0:00:07]} 26. Rxd4 {[%emt 0:00:01]} Rxd4 {[%emt 0:00:01]} 27. Rxd4 {[%emt 0:00:00]} Rxd4 {[%emt 0:00:02]} 28. Kxd4 {[%emt 0:00:01]} Nd7 {[%emt 0:00:01]} 29. Nd5 {[%emt 0:00:01]} Kd8 {[%emt 0:00:05]} 30. Nb6 {[%emt 0:00:03]} Kc7 {[%emt 0:00:02]} 31. Nxd7 {[%emt 0:00:01]} Kxd7 {[%emt 0:00:00]} 32. Kc4 {[%emt 0:00:01]} Kc6 {[%emt 0:00:02]} 33. b4 {[%emt 0:00:01]} axb4 {[%emt 0:00:00]} 34. Kxb4 {[%emt 0:00:00]} g5 {[%emt 0:00:00]} 35. g3 {[%emt 0:00:02]} h5 {[%emt 0:00:02]} 36. f4 {[%emt 0:00:01]} gxf4 {[%emt 0:00:03]} 37. gxf4 {[%emt 0:00:01]} h4 {[%emt 0:00:00]} 38. h3 {[%emt 0:00:01]} Kd5 {[%emt 0:00:01]} 39. Kb5 {[%emt 0:00:01]} Ke4 {[%emt 0:00:00]} 40. a5 {[%emt 0:00:00]} Kxf4 {[%emt 0:00:01]} 41. c6 {[%emt 0:00:00]} bxc6+ {[%emt 0:00:01]} 42. Kc5 {[%emt 0:00:02]} Kg3 {[%emt 0:00:00]} 43. a6 {[%emt 0:00:00]} Kxh3 {[%emt 0:00:01]} 44. a7 {[%emt 0:00:00]} f4 {[%emt 0:00:00]} 45. a8=Q {[%emt 0:00:00]} f3 {[%emt 0:00:01]} 46. Qxc6 {[%emt 0:00:00]} Kg2 {[%emt 0:00:00]} 47. Qe4 {[%emt 0:00:01]} h3 {[%emt 0:00:01]} 48. Qg4+ {[%emt 0:00:01]} Kh2 {[%emt 0:00:04]} 49. Qxf3 {[%emt 0:00:02]} f5 {[%emt 0:00:01]} 50. Kd4 {[%emt 0:00:01]} Kg1 {[%emt 0:00:02]} 51. Ke3 {[%emt 0:00:01]} h2 {[%emt 0:00:00]} 52. Ke2 {[%emt 0:00:04] Time Time Time (Lag: Av=0.51s, max=0.9s) (Lag: Av=0.51s, max=0.9s) (Lag: Av=0.51s, max=0.9s)} 1-0

[Event "Stay Safe Play From Home 392"]
[Site "Emanuel Lasker Arena"]
[Date "2020.08.18"]
[Round "6"]
[White "Stefanone"]
[Black "Ronakkhurana"]
[Result "1-0"]
[WhiteElo "1921"]
[BlackElo "1153"]
[PlyCount "45"]
[EventDate "2020.08.18"]
[EventType "swiss (blitz)"]

1. d4 {[%emt 0:00:02]} e6 {[%emt 0:00:02]} 2. e3 {[%emt 0:00:00]} d6 {[%emt 0:00:01]} 3. f4 {[%emt 0:00:00]} Nc6 {[%emt 0:00:03]} 4. Nf3 {[%emt 0:00:00]} d5 {[%emt 0:00:01]} 5. Bd3 {[%emt 0:00:00]} f5 {[%emt 0:00:01]} 6. c3 {[%emt 0:00:01]} Bd6 {[%emt 0:00:02]} 7. Qe2 {[%emt 0:00:00]} Bd7 {[%emt 0:00:02]} 8. O-O {[%emt 0:00:00]} Nf6 {[%emt 0:00:03]} 9. Nbd2 {[%emt 0:00:00]} O-O {[%emt 0:00:01]} 10. Ne5 {[%emt 0:00:01]} Bxe5 {[%emt 0:00:02]} 11. dxe5 {[%emt 0:00:01]} Ne8 {[%emt 0:00:03]} 12. g4 {[%emt 0:00:02]} fxg4 {[%emt 0:00:02]} 13. Qxg4 {[%emt 0:00:02]} g6 {[%emt 0:00:02]} 14. Rf2 {[%emt 0:00:02]} Nf6 {[%emt 0:00:03]} 15. exf6 {[%emt 0:00:01]} Rxf6 {[%emt 0:00:01]} 16. Qg3 {[%emt 0:00:01]} Qf8 {[%emt 0:00:03]} 17. Rg2 {[%emt 0:00:01]} g5 {[%emt 0:00:06]} 18. Qxg5+ {[%emt 0:00:02]} Rg6 {[%emt 0:00:08]} 19. Bxg6 {[%emt 0:00:02]} hxg6 {[%emt 0:00:02]} 20. Qxg6+ {[%emt 0:00:00]} Kh8 {[%emt 0:00:01]} 21. Rg4 {[%emt 0:00:01]} Qg8 {[%emt 0:00:03]} 22. Rh4+ {[%emt 0:00:01]} Qh7 {[%emt 0:00:03]} 23. Rxh7# {[%emt 0:00:00] (Lag: Av=0.49s, max=0.6s) (Lag: Av=0.49s, max=0.6s) (Lag: Av=0.49s, max=0.6s) Mate Mate Mate} 1-0

[Event "Stay Safe Play From Home 392"]
[Site "Emanuel Lasker Arena"]
[Date "2020.08.18"]
[Round "6"]
[White "Trotsky"]
[Black "SashaGrebeniuc"]
[Result "1-0"]
[WhiteElo "1607"]
[BlackElo "1096"]
[Annotator "NA"]
[PlyCount "65"]
[EventDate "2020.08.18"]
[EventType "swiss (blitz)"]

1. d4 {[%emt 0:00:13]} d5 {[%emt 0:00:02]} 2. e3 {[%emt 0:00:00]} e6 {[%emt 0:00:02]} 3. c4 {[%emt 0:00:01]} Bb4+ {[%emt 0:00:01]} 4. Nc3 {[%emt 0:00:01]} c6 {[%emt 0:00:01]} 5. c5 {[%emt 0:00:02]} Bxc3+ {[%emt 0:00:02]} 6. bxc3 {[%emt 0:00:01]} Nd7 {[%emt 0:00:01]} 7. Bd3 {[%emt 0:00:01]} Ne7 {[%emt 0:00:02]} 8. Nf3 {[%emt 0:00:01]} Nf6 {[%emt 0:00:02]} 9. Qc2 {[%emt 0:00:01]} Ng6 {[%emt 0:00:02]} 10. h4 {[%emt 0:00:01]} Bd7 {[%emt 0:00:05]} 11. Bd2 {[%emt 0:00:01]} Qc7 {[%emt 0:00:02]} 12. O-O-O {[%emt 0:00:03]} O-O-O {[%emt 0:00:02]} 13. Kb1 {[%emt 0:00:01]} Kb8 {[%emt 0:00:03]} 14. Rc1 {[%emt 0:00:01]} b6 {[%emt 0:00:01]} 15. Ka1 {[%emt 0:00:01]} b5 {[%emt 0:00:02]} 16. Rb1 {[%emt 0:00:01]} Ka8 {[%emt 0:00:01]} 17. Bxb5 {[%emt 0:00:01]} cxb5 {[%emt 0:00:03]} 18. Rxb5 {[%emt 0:00:01]} Bxb5 {[%emt 0:00:02]} 19. Rb1 {[%emt 0:00:02]} Rb8 {[%emt 0:00:02]} 20. c4 {[%emt 0:00:02]} Bxc4 {[%emt 0:00:05]} 21. Rc1 {[%emt 0:00:03]} Ne4 {[%emt 0:00:02]} 22. Ne5 {[%emt 0:00:02]} Nxe5 {[%emt 0:00:02]} 23. dxe5 {[%emt 0:00:01]} Qxe5+ {[%emt 0:00:02]} 24. Bc3 {[%emt 0:00:06]} Nxc3 {[%emt 0:00:01]} 25. Qxc3 {[%emt 0:00:02]} Qxc3+ {[%emt 0:00:01]} 26. Rxc3 {[%emt 0:00:01]} Rhc8 {[%emt 0:00:01]} 27. f3 {[%emt 0:00:04]} Rxc5 {[%emt 0:00:01]} 28. e4 {[%emt 0:00:01]} Rbc8 {[%emt 0:00:01]} 29. exd5 {[%emt 0:00:02]} exd5 {[%emt 0:00:01]} 30. f4 {[%emt 0:00:01]} Bxa2 {[%emt 0:00:01]} 31. Rc1 {[%emt 0:00:01]} Rxc1+ {[%emt 0:00:02]} 32. Kb2 {[%emt 0:00:01]} R1c2+ {[%emt 0:00:01]} 33. Ka3 {[%emt 0:00:01] Время Время Время (Lag: Av=0.62s, max=1.0s) (Lag: Av=0.62s, max=1.0s) (Lag: Av=0.62s, max=1.0s) ' ' '} 1-0